000 00402nam a2200121Ia 4500
005 20251222153649.0
008 251222s9999||||xx |||||||||||||| ||spa||
082 _a610/B45
245 0 _aUso Racional de la Antibioticoterapia en el Tratamiento de las Infeccciones de Vías Urinarias Bajas en España:
250 _a1ra. ed.
264 _bBernard Krief. Gabinete de Estudios Sociológicos
942 _cLIB
999 _c33058
_d33058